| 000 | 00576ntaaa2200205 4500 | ||
|---|---|---|---|
| 003 | 01 | ||
| 005 | 20251027202756.0 | ||
| 008 | 0714s1973 ag 01 | ||
| 040 |
_aAR-BaBN _bspa _cAR-BaBN _eaacr _dRIC |
||
| 082 | _a810.0000 B41 | ||
| 245 | _aJ. D. Salinger and the critics | ||
| 250 | _a1 ed. | ||
| 260 |
_aBelmont, Calif. : _bWadsworth Publishing Company Inc., _cc1962 |
||
| 300 | _a179 p | ||
| 500 | _aEstudio de la literatura de J. D. Salinger | ||
| 650 |
_aSalinger, J.D. _927945 |
||
| 700 |
_aBelcher, William F _927946 |
||
| 700 |
_aLee, James W _927947 |
||
| 942 | _cBK | ||
| 999 |
_c23057 _d23057 |
||